Loading...
Religion | 0 | 2 | 0 | 1 | 20 | 133 | 137.50 | 1 | 1 |
Mythology | 0 | 2 | 0 | 0 | 20 | 81 | 90.50 | 1 | 2 |
Fine Arts - Other Fine Arts | 0 | 2 | 0 | 1 | 20 | 113 | 123.50 | 0 | 2 |
Literature - European Literature | 0 | 1 | 0 | 0 | 10 | 100 | 100.00 | 1 | 1 |
Social Science | 0 | 1 | 0 | 0 | 10 | 109 | 109.00 | 0 | 1 |
History - European History | 0 | 1 | 0 | 0 | 10 | 54 | 54.00 | 1 | 1 |
Literature - American Literature | 0 | 1 | 0 | 0 | 10 | 134 | 134.00 | 0 | 1 |
Philosophy | 0 | 1 | 0 | 0 | 10 | 126 | 126.00 | 0 | 1 |
Fine Arts - Painting & Sculpture | 0 | 0 | 0 | 0 | 0 | 0.00 | 0 | 0 | |
Fine Arts - Classical Music | 0 | 0 | 1 | 0 | -5 | 0.00 | 0 | 0 | |
Science - Other Science | 0 | 0 | 1 | 0 | -5 | 0.00 | 0 | 0 | |
Literature - British Literature | 0 | 0 | 1 | 0 | -5 | 0.00 | 0 | 0 |